[Event "60. BEM 2006"]
[Site "Dortmund"]
[Date "2006.03.13"]
[Round "4.2"]
[White "Tkachuk, Konstantyn"]
[Black "Naundorf, Maik"]
[Result "1-0"]
[WhiteElo "1927"]
[BlackElo "2061"]
[PlyCount "53"]
[EventDate "2006.??.??"]
[Source "SG Dortmund"]
[SourceDate "2004.12.16"]

1. e4 c5 2. Nf3 g6 3. d4 cxd4 4. Qxd4 Nf6 5. e5 Nc6 6. Qa4 Nd5 7. Qe4 Nc7 8.
Nc3 Bg7 9. Bf4 O-O 10. O-O-O b5 11. Nxb5 Nxb5 12. Bxb5 Bb7 13. Qe3 Qa5 14. Bc4
Nb4 15. a3 Nxc2 16. Qd2 Qc5 17. Qxc2 Rac8 18. b3 d5 19. exd6 Qxa3+ 20. Kd2 e5
21. Bxe5 Bh6+ 22. Ke2 Qc5 23. d7 Bxf3+ 24. Kxf3 Qxe5 25. dxc8=Q Qf4+ 26. Ke2
Qg4+ 27. Qxg4 1-0

[Event "60. BEM 2006"]
[Site "Dortmund"]
[Date "2006.03.13"]
[Round "4.3"]
[White "Zeldin, Vitali"]
[Black "Tkachuk, Sergiy"]
[Result "0-1"]
[WhiteElo "1886"]
[BlackElo "2068"]
[PlyCount "48"]
[EventDate "2006.??.??"]
[Source "SG Dortmund"]
[SourceDate "2004.12.16"]

1. b3 e5 2. Bb2 Nc6 3. e3 d5 4. Bb5 Bd6 5. f4 Qe7 6. Nf3 f6 7. fxe5 fxe5 8.
Bxc6+ bxc6 9. Nxe5 Qh4+ 10. g3 Qh3 11. Qe2 Nf6 12. d4 O-O 13. Nd2 Bg4 14. Qf1
Qh5 15. Qg2 Bxe5 16. dxe5 Ne4 17. h3 Rf2 18. hxg4 Qxg4 19. Qxf2 Nxf2 20. Kxf2
Rf8+ 21. Ke1 Qxg3+ 22. Kd1 Qxe3 23. Re1 Qg5 24. Bd4 Qg4+ 0-1

[Event "60. BEM 2006"]
[Site "Dortmund"]
[Date "2006.03.13"]
[Round "4.4"]
[White "Mrozinski, Werner"]
[Black "Zimmermann, Dirk"]
[Result "0-1"]
[WhiteElo "1899"]
[BlackElo "2006"]
[PlyCount "76"]
[EventDate "2006.??.??"]
[Source "SG Dortmund"]
[SourceDate "2004.12.16"]

1. e4 c5 2. c4 Nc6 3. Nf3 g6 4. Nc3 Bg7 5. g3 e6 6. Bg2 Nge7 7. O-O O-O 8. d3
b6 9. Bf4 e5 10. Be3 d6 11. Qd2 f6 12. a3 Be6 13. h3 Qd7 14. Kh2 g5 15. Nd5 h6
16. Rab1 f5 17. exf5 Bxf5 18. g4 Bg6 19. Ng1 Rae8 20. Ne2 Nd4 21. Bxd4 exd4 22.
f4 gxf4 23. Nexf4 Bf7 24. Kh1 Nxd5 25. cxd5 Re3 26. Ne6 Bxe6 27. dxe6 Qxe6 28.
Rxf8+ Bxf8 29. Rf1 Bg7 30. Qf2 Rxd3 31. Qh4 Re3 32. Qh5 Re5 33. Qh4 d3 34. Qd8+
Kh7 35. Qc7 Re1 36. Qc6 d2 37. Be4+ Qxe4+ 38. Kh2 Qxc6 0-1

[Event "60. BEM 2006"]
[Site "Dortmund"]
[Date "2006.03.13"]
[Round "4.5"]
[White "Ziperstein, Jakob"]
[Black "Barskij, Aleksandr"]
[Result "1-0"]
[WhiteElo "1838"]
[BlackElo "1891"]
[PlyCount "55"]
[EventDate "2006.??.??"]
[Source "SG Dortmund"]
[SourceDate "2004.12.16"]

1. e4 c5 2. Nf3 d6 3. d4 cxd4 4. Nxd4 Nf6 5. Nc3 Nc6 6. Be2 e6 7. Bg5 a6 8. Qd2
h6 9. Be3 Bd7 10. O-O Nxd4 11. Qxd4 Bc6 12. Rad1 Qc7 13. f4 b5 14. e5 dxe5 15.
fxe5 Nd5 16. Nxd5 Bxd5 17. Kh1 Be7 18. b3 Qxc2 19. Rf2 Qe4 20. Qb6 O-O 21. Bf3
Qxe5 22. Bxd5 exd5 23. Bf4 Qe4 24. Rf3 Bb4 25. Bxh6 Rfe8 26. Bxg7 Kxg7 27. Qf6+
Kg8 28. Qxf7+ 1-0

[Event "60. BEM 2006"]
[Site "Dortmund"]
[Date "2006.03.13"]
[Round "4.6"]
[White "Grewe, Markus"]
[Black "Goldschmidt, Christian"]
[Result "0-1"]
[WhiteElo "1751"]
[BlackElo "2085"]
[PlyCount "48"]
[EventDate "2006.??.??"]
[Source "SG Dortmund"]
[SourceDate "2004.12.16"]

1. e4 d6 2. d4 Nf6 3. Bd3 e5 4. c3 Nc6 5. d5 Nb8 6. Ne2 g6 7. O-O Bg7 8. Ng3
O-O 9. Nd2 h5 10. h3 h4 11. Nh1 Nh5 12. Nf3 Nf4 13. Bxf4 exf4 14. Nh2 Nd7 15.
f3 Nf6 16. Kf2 Nh5 17. Qd2 c6 18. dxc6 bxc6 19. Rfe1 Rb8 20. Rab1 Be6 21. b3
Qb6+ 22. Kf1 Ng3+ 23. Nxg3 hxg3 24. Ng4 Bxg4 0-1

[Event "60. BEM 2006"]
[Site "Dortmund"]
[Date "2006.03.13"]
[Round "4.7"]
[White "Zelt, Jens"]
[Black "Kolodziej, Dennis"]
[Result "1-0"]
[WhiteElo "2036"]
[BlackElo "1727"]
[PlyCount "75"]
[EventDate "2006.??.??"]
[Source "SG Dortmund"]
[SourceDate "2004.12.16"]

1. d4 d6 2. c4 g6 3. Nc3 Bg7 4. h3 Nd7 5. Nf3 e5 6. e3 f5 7. dxe5 Nxe5 8. Nxe5
Bxe5 9. Bd2 Bd7 10. Be2 Bc6 11. Bf3 Qd7 12. b4 Nf6 13. Rc1 Bxf3 14. Qxf3 c6 15.
O-O O-O 16. Rfd1 Qf7 17. Qe2 g5 18. f4 gxf4 19. exf4 Bd4+ 20. Kh2 Qh5 21. Qxh5
Nxh5 22. Ne2 Bg7 23. Ng3 Nxg3 24. Kxg3 Kf7 25. Be3 Rfe8 26. Kf3 Re6 27. g4 Rh6
28. Rh1 b6 29. Bf2 Re8 30. a4 Rg8 31. b5 c5 32. g5 Re6 33. Rhd1 Rd8 34. Rd5 Kg6
35. h4 h6 36. gxh6 Bxh6 37. Rg1+ Kf6 38. h5 1-0

[Event "60. BEM 2006"]
[Site "Dortmund"]
[Date "2006.03.13"]
[Round "4.8"]
[White "Schultz, Bernfried"]
[Black "Borjini, Mohamed"]
[Result "1/2-1/2"]
[WhiteElo "1716"]
[BlackElo "1979"]
[PlyCount "130"]
[EventDate "2006.??.??"]
[Source "SG Dortmund"]
[SourceDate "2004.12.16"]

1. e4 c5 2. Nf3 e6 3. d4 cxd4 4. Nxd4 a6 5. c4 Qc7 6. Nc3 Nf6 7. f3 Be7 8. Be3
O-O 9. Qd2 d6 10. Be2 Nbd7 11. O-O Ne5 12. b3 Bd7 13. Rac1 Rac8 14. Kh1 Nc6 15.
Nd5 Qd8 16. Nxe7+ Qxe7 17. Rfd1 Rfd8 18. Nc2 Be8 19. Bb6 Rd7 20. Qe3 e5 21. Rd2
Nd8 22. Rcd1 Ne6 23. g3 Nc7 24. Nb4 Na8 25. Nd5 Nxd5 26. Rxd5 Nxb6 27. Qxb6 Rc6
28. Qb4 f6 29. Qd2 Bf7 30. Rd3 Be6 31. c5 Rxc5 32. Rxd6 Rxd6 33. Qxd6 Qxd6 34.
Rxd6 Kf7 35. Rd2 Ke7 36. Kg2 b5 37. Kf2 a5 38. Bf1 b4 39. Be2 Rc3 40. Bb5 f5
41. Bd3 a4 42. exf5 axb3 43. axb3 Bxb3 44. Ke2 Bd5 45. Be4 Bc4+ 46. Kd1 Bb3+
47. Ke2 Bc4+ 48. Kd1 Ra3 49. Kc1 Ra2 50. Rxa2 Bxa2 51. Kb2 Bc4 52. g4 h6 53. h4
Kd6 54. g5 hxg5 55. h5 Bf7 56. f6 gxf6 57. h6 Bg8 58. h7 Bxh7 59. Bxh7 Ke6 60.
Kb3 f5 61. Kxb4 g4 62. fxg4 fxg4 63. Be4 Kf6 64. Kc4 Kg5 65. Kd5 Kf4 1/2-1/2

[Event "60. BEM 2006"]
[Site "Dortmund"]
[Date "2006.03.13"]
[Round "4.9"]
[White "Volmer, Martin"]
[Black "Büchle, Manfred"]
[Result "0-1"]
[WhiteElo "1704"]
[BlackElo "1908"]
[PlyCount "46"]
[EventDate "2006.??.??"]
[Source "SG Dortmund"]
[SourceDate "2004.12.16"]

1. d4 d5 2. Nf3 e6 3. Bf4 Nf6 4. e3 Be7 5. Bd3 O-O 6. Nbd2 b6 7. Ne5 Bb7 8. g4
c5 9. c3 Ne4 10. Bg3 f6 11. Nef3 Nd7 12. Qe2 e5 13. dxe5 fxe5 14. Nxe4 dxe4 15.
Bc4+ Kh8 16. Nxe5 Nxe5 17. Bxe5 Bh4 18. Bg3 Rf3 19. Rd1 Qg5 20. Be6 Raf8 21.
O-O h5 22. gxh5 Qxh5 23. Kh1 Bxg3 0-1

[Event "60. BEM 2006"]
[Site "Dortmund"]
[Date "2006.03.13"]
[Round "4.10"]
[White "Werner, Patrick"]
[Black "Hartung, Thomas"]
[Result "1/2-1/2"]
[WhiteElo "1691"]
[BlackElo "1866"]
[PlyCount "35"]
[EventDate "2006.??.??"]
[Source "SG Dortmund"]
[SourceDate "2004.12.16"]

1. e4 e5 2. Nf3 Nc6 3. Bc4 Nf6 4. d3 Bc5 5. c3 Bb6 6. O-O d6 7. h3 Be6 8. Nbd2
a6 9. Re1 Qd7 10. b4 h6 11. Bxe6 Qxe6 12. d4 exd4 13. cxd4 Ne7 14. Bb2 O-O 15.
d5 Qd7 16. Bxf6 gxf6 17. Nh4 Kh7 18. Qh5 1/2-1/2

[Event "60. BEM 2006"]
[Site "Dortmund"]
[Date "2006.03.13"]
[Round "4.11"]
[White "Hoppe, Dirk"]
[Black "Rölz, Marcus"]
[Result "1-0"]
[WhiteElo "1861"]
[BlackElo "1674"]
[PlyCount "85"]
[EventDate "2006.??.??"]
[Source "SG Dortmund"]
[SourceDate "2004.12.16"]

1. e4 e5 2. Nf3 Nf6 3. Nc3 Nc6 4. d4 exd4 5. Nd5 Be7 6. Bf4 d6 7. Nxd4 Nxd4 8.
Qxd4 O-O 9. Nxe7+ Qxe7 10. f3 Nh5 11. Be3 Be6 12. O-O-O Qh4 13. Kb1 f5 14. exf5
Qxd4 15. Bxd4 Bd7 16. Bc4+ Kh8 17. Rhe1 Rae8 18. Rxe8 Rxe8 19. Bf7 Re2 20. Bxh5
Bxf5 21. Rc1 Rxg2 22. Rg1 Bxc2+ 23. Kc1 Rxg1+ 24. Bxg1 Ba4 25. Bxa7 c6 26. Bg4
Bb5 27. Kd2 g6 28. Bc8 Ba6 29. Bb8 d5 30. Ke3 Kg7 31. f4 Kf6 32. Kd4 Ke7 33.
Bc7 Kf6 34. Bd8+ Kf7 35. Ke5 Kg7 36. Bb6 Kf7 37. h4 Kg7 38. a3 Kh6 39. b4 Kh5
40. Bf2 Kh6 41. Kd6 Kg7 42. Kc7 Kf6 43. Bxb7 1-0

[Event "60. BEM 2006"]
[Site "Dortmund"]
[Date "2006.03.13"]
[Round "4.12"]
[White "Sennholz, Michael"]
[Black "Hardt, Helmut"]
[Result "0-1"]
[WhiteElo "1674"]
[BlackElo "1861"]
[PlyCount "72"]
[EventDate "2006.??.??"]
[Source "SG Dortmund"]
[SourceDate "2004.12.16"]

1. e4 d6 2. d4 Nf6 3. Nc3 g6 4. f3 Nbd7 5. Be3 Bg7 6. Qd2 a6 7. O-O-O O-O 8.
Bd3 b5 9. Nge2 Nb6 10. g4 b4 11. Nb1 a5 12. h4 Ba6 13. h5 Bxd3 14. Qxd3 a4 15.
hxg6 fxg6 16. Bh6 Rf7 17. Nf4 Qd7 18. Qe2 Nh5 19. Bxg7 Nxf4 20. Qh2 Rxg7 21.
Qxf4 Rf8 22. Qg3 Nc4 23. f4 Qe6 24. Rde1 Qf6 25. e5 Qxf4+ 26. Qxf4 Rxf4 27. e6
g5 28. Rh3 Rxg4 29. c3 bxc3 30. Rxc3 Rxd4 31. b3 axb3 32. axb3 Ne5 33. Ree3 h5
34. Rxc7 g4 35. Rec3 g3 36. Rd7 g2 0-1

[Event "60. BEM 2006"]
[Site "Dortmund"]
[Date "2006.03.13"]
[Round "4.13"]
[White "Ziemek, Gerhard"]
[Black "Gorzinski, Dariusz"]
[Result "1/2-1/2"]
[WhiteElo "1591"]
[BlackElo "1830"]
[PlyCount "131"]
[EventDate "2006.??.??"]
[Source "SG Dortmund"]
[SourceDate "2004.12.16"]

1. d4 f5 2. Nc3 g6 3. e4 fxe4 4. Nxe4 Bg7 5. Nf3 Nf6 6. Bd3 Nxe4 7. Bxe4 d5 8.
Bd3 O-O 9. Bg5 Bg4 10. Be2 Qd6 11. c3 Nd7 12. h3 Bf5 13. Qd2 e5 14. dxe5 Nxe5
15. Nxe5 Bxe5 16. O-O-O c6 17. h4 b5 18. h5 a5 19. Rh4 b4 20. c4 d4 21. f4 Bh8
22. Rf1 d3 23. Bf3 Qd4 24. g4 Qxc4+ 25. Kd1 Qc2+ 26. Qxc2 dxc2+ 27. Kc1 Bd3 28.
Rg1 Bd4 29. Re1 Rfe8 30. Rhh1 Be3+ 31. Rxe3 Rxe3 32. Bxc6 Rc8 33. Bd5+ Kg7 34.
hxg6 Bxg6 35. f5 Re5 36. Be6 Rxe6 37. fxe6 Rc5 38. Be3 Rd5 39. g5 Be4 40. Re1
Bg6 41. Rf1 Bf5 42. Bd4+ Kf8 43. Bf6 Ke8 44. Re1 a4 45. b3 axb3 46. axb3 Rd3
47. Kxc2 Re3+ 48. Kd2 Rxb3 49. Re5 Rb2+ 50. Kc1 Rb1+ 51. Kd2 Rb2+ 52. Ke3 Rb3+
53. Kd4 Bg6 54. Rb5 Kf8 55. Rb8+ Be8 56. Kc4 Re3 57. Rb7 Bg6 58. Rb8+ Be8 59.
Rb6 b3 60. Bc3 Rxe6 61. Rb7 Rc6+ 62. Kxb3 Bg6 63. Kb4 Ke8 64. Bf6 Rc1 65. Re7+
Kf8 66. Rd7 1/2-1/2

[Event "60. BEM 2006"]
[Site "Dortmund"]
[Date "2006.03.13"]
[Round "4.15"]
[White "Vojdani, Bahram"]
[Black "Gielisch, Eckhart"]
[Result "0-1"]
[WhiteElo "1657"]
[BlackElo "1807"]
[PlyCount "132"]
[EventDate "2006.??.??"]
[Source "SG Dortmund"]
[SourceDate "2004.12.16"]

1. e4 e6 2. d4 d5 3. Nc3 Nf6 4. e5 Nfd7 5. f4 c5 6. Nf3 Nc6 7. Bb5 a6 8. Bxc6
bxc6 9. Ne2 cxd4 10. Nexd4 c5 11. Nb3 a5 12. O-O a4 13. Nbd2 Be7 14. Kh1 O-O
15. Re1 Qb6 16. Nf1 f6 17. Ng3 fxe5 18. fxe5 Bb7 19. c3 Rf7 20. Bg5 Rxf3 21.
Bxe7 Rf7 22. Bd6 d4 23. Qd2 a3 24. Reb1 Qc6 25. cxd4 cxd4 26. b3 Qd5 27. Re1
Rc8 28. Re4 d3 29. Rc4 Rxc4 30. bxc4 Qd4 31. Rd1 Rf2 32. Qxd3 Bxg2+ 33. Kg1
Rf1+ 34. Kxg2 Rxd1 35. Qxd4 Rxd4 36. Bxa3 Nxe5 37. c5 Rd2+ 38. Kh3 Rxa2 39. Bc1
Rc2 40. Bf4 Rxc5 41. Ne2 Kf7 42. Bg3 Ra5 43. Nc3 Nc4 44. Ne4 h6 45. Nc3 Ne3 46.
Bf2 Nf5 47. Kg2 g5 48. Ne4 Kg6 49. Nd2 h5 50. Nb3 Ra2 51. Nc1 Ra3 52. Ne2 Ne3+
53. Kh1 Ra1+ 54. Ng1 Nd5 55. Kg2 Nf4+ 56. Kf3 Kf5 57. Bb6 g4+ 58. Kg3 Rxg1+ 59.
Bxg1 Ne2+ 60. Kf2 Nxg1 61. Kxg1 Ke4 62. Kf2 h4 63. Ke2 g3 64. hxg3 hxg3 65. Kf1
Kf3 66. Kg1 g2 0-1

[Event "60. BEM 2006"]
[Site "Dortmund"]
[Date "2006.03.13"]
[Round "4.16"]
[White "Grube, Jörg"]
[Black "Rutmann, Ulrich"]
[Result "1-0"]
[WhiteElo "1776"]
[BlackElo "1393"]
[PlyCount "43"]
[EventDate "2006.??.??"]
[Source "SG Dortmund"]
[SourceDate "2004.12.16"]

1. e4 c5 2. Nf3 g6 3. d4 cxd4 4. Nxd4 Bg7 5. Nc3 d6 6. Be3 Nf6 7. f3 O-O 8. Qd2
Bd7 9. O-O-O Nc6 10. g4 Nxd4 11. Bxd4 Be6 12. h4 a5 13. h5 a4 14. hxg6 fxg6 15.
a3 Qa5 16. Bb5 Rfc8 17. Qd3 Bf7 18. Nxa4 Bc4 19. Bxc4+ d5 20. Bb5 dxe4 21. Qb3+
Kh8 22. Bb6 1-0

[Event "60. BEM 2006"]
[Site "Dortmund"]
[Date "2006.03.13"]
[Round "4.17"]
[White "Raskin, Vitali"]
[Black "Jähnicke, Karl-Heinz"]
[Result "1/2-1/2"]
[WhiteElo "1663"]
[BlackElo "1763"]
[PlyCount "127"]
[EventDate "2006.??.??"]
[Source "SG Dortmund"]
[SourceDate "2004.12.16"]

1. d4 Nf6 2. c4 g6 3. Nc3 Bg7 4. Nf3 O-O 5. Bg5 d6 6. e4 Nbd7 7. Be2 c5 8. d5
Ng4 9. h3 Nge5 10. O-O Nxf3+ 11. Bxf3 Ne5 12. Be2 f6 13. Be3 f5 14. f4 Nf7 15.
exf5 Bxf5 16. Bd3 Nh6 17. Bxf5 Nxf5 18. Bf2 Bd4 19. Bxd4 cxd4 20. Ne4 Ne3 21.
Qxd4 Nxf1 22. Rxf1 Qd7 23. Ng5 Qf5 24. Ne6 Qf6 25. Qd2 Rfc8 26. b3 a5 27. f5 g5
28. Nxg5 Kh8 29. Qf4 a4 30. Qh4 h6 31. Nf3 Qxh4 32. Nxh4 Kg7 33. Nf3 axb3 34.
axb3 Ra3 35. Nd4 Kf7 36. Re1 Rca8 37. Re6 Ra2 38. Rxh6 Rb2 39. Rh4 Raa2 40. Rg4
Kf6 41. h4 Rb1+ 42. Kh2 Raa1 43. Kg3 Rd1 44. Re4 Rd3+ 45. Kh2 Rad1 46. Re6+ Kf7
47. Nf3 Rxb3 48. h5 Rbb1 49. Kg3 b5 50. Ng5+ Kf8 51. h6 Rh1 52. cxb5 Rxb5 53.
Nh3 Rxd5 54. h7 Kg7 55. Rxe7+ Kh8 56. f6 Rf5 57. f7 Rhf1 58. Re8+ Kxh7 59. Rd8
Kg7 60. Rxd6 Kxf7 61. Kg4 Ra5 62. Ng5+ Ke7 63. Re6+ Kd7 64. Re3 1/2-1/2

[Event "60. BEM 2006"]
[Site "Dortmund"]
[Date "2006.03.13"]
[Round "4.18"]
[White "Sonntag, Joachim"]
[Black "Gegner, Michael"]
[Result "0-1"]
[WhiteElo "1787"]
[BlackElo "1412"]
[PlyCount "114"]
[EventDate "2006.??.??"]
[Source "SG Dortmund"]
[SourceDate "2004.12.16"]

1. e4 e5 2. Nf3 f5 3. Bc4 fxe4 4. Nxe5 Qg5 5. Nf7 Qxg2 6. Rf1 d5 7. Qh5 Nf6 8.
Qe5+ Kxf7 9. Bxd5+ Nxd5 10. Qxd5+ Ke8 11. d3 c6 12. Qe5+ Be7 13. dxe4 Bh3 14.
Qh5+ g6 15. Qe2 Qxf1+ 16. Qxf1 Bxf1 17. Kxf1 Bf6 18. f4 Rf8 19. Ke2 Nd7 20. Nd2
Rd8 21. Nf3 Kf7 22. e5 Be7 23. Be3 c5 24. h4 Nb6 25. Rh1 Nd5 26. Ng5+ Bxg5 27.
hxg5 Nxe3 28. Kxe3 Kg7 29. Rh2 b6 30. c3 Rf5 31. a4 c4 32. Re2 h6 33. gxh6+
Kxh6 34. Rh2+ Rh5 35. Rf2 Rh3+ 36. Ke4 Rdd3 37. Re2 g5 38. e6 Kg6 39. e7 Rh8
40. fxg5 Re8 41. Kf4 Rd7 42. Re6+ Kf7 43. Rc6 Rexe7 44. Rxc4 Rd5 45. Rc6 Rd2
46. b4 Ra2 47. a5 bxa5 48. b5 a4 49. Rd6 Ra1 50. Kf5 a3 51. Rf6+ Ke8 52. Ra6 a2
53. Kg6 Kf8 54. b6 Rg7+ 55. Kf6 Rf1+ 56. Ke6 a1=Q 57. Rxa1 Rxa1 0-1

[Event "60. BEM 2006"]
[Site "Dortmund"]
[Date "2006.03.13"]
[Round "4.19"]
[White "Duschek, Günter"]
[Black "Schrimpl, Michael"]
[Result "1-0"]
[WhiteElo "1674"]
[BlackElo "1497"]
[PlyCount "125"]
[EventDate "2006.??.??"]
[Source "SG Dortmund"]
[SourceDate "2004.12.16"]

1. d4 d5 2. Bf4 Nf6 3. Nf3 e6 4. e3 c5 5. Bb5+ Bd7 6. Bxd7+ Nbxd7 7. c3 b5 8.
Qe2 a6 9. O-O Ne4 10. Nbd2 Nxd2 11. Nxd2 c4 12. a3 Nb6 13. e4 Be7 14. Bg3 O-O
15. f4 dxe4 16. Nxe4 Qd5 17. h4 Qf5 18. Qf3 h6 19. Rfe1 Rad8 20. Nf2 Rd5 21.
Re2 Qh5 22. Ng4 Nd7 23. Rf1 Bxh4 24. Bxh4 Qxh4 25. g3 Qh5 26. Re5 Rxe5 27. fxe5
Qg5 28. Kg2 Nb6 29. Ne3 Qe7 30. Qc6 Rb8 31. Ng4 Qb7 32. Qxb7 Rxb7 33. Ne3 Na4
34. Rf2 a5 35. Rc2 Kh7 36. Kf3 g5 37. d5 exd5 38. Nxd5 Kg6 39. Ke4 Nc5+ 40. Kd4
Ne6+ 41. Ke4 h5 42. Rf2 Nc5+ 43. Kd4 Nd7 44. Ne7+ Kg7 45. Nf5+ Kg6 46. Nd6 Rb8
47. Rxf7 Nf8 48. Rf6+ Kg7 49. Nf5+ Kg8 50. Ne7+ Kg7 51. Nc6 Rb7 52. Nxa5 Rd7+
53. Ke4 Rd2 54. Rf5 Kg6 55. Rxf8 Rxb2 56. e6 Kg7 57. Rf3 Re2+ 58. Kd5 Rd2+ 59.
Kc5 Rd3 60. e7 Rxf3 61. e8=Q Rf5+ 62. Kd6 Rf6+ 63. Ke5 1-0

[Event "60. BEM 2006"]
[Site "Dortmund"]
[Date "2006.03.13"]
[Round "4.20"]
[White "Bötzel, Sascha"]
[Black "Benke, Werner"]
[Result "0-1"]
[WhiteElo "1300"]
[BlackElo "1552"]
[PlyCount "61"]
[EventDate "2006.??.??"]
[Source "SG Dortmund"]
[SourceDate "2004.12.16"]

1. d4 d5 2. c4 c6 3. Nc3 Nf6 4. Bg5 e6 5. e3 Be7 6. Nf3 Nbd7 7. Bd3 h6 8. Bh4
O-O 9. O-O a6 10. cxd5 cxd5 11. Ne5 Nxe5 12. dxe5 Nd7 13. Bxe7 Qxe7 14. f4 f6
15. exf6 Nxf6 16. a4 b6 17. Qf3 Bb7 18. Qe2 Qd6 19. Nd1 Rfe8 20. Bg6 Rec8 21.
Nf2 Rc7 22. Rfc1 Rac8 23. Rxc7 Rxc7 24. Nd3 Nd7 25. Rc1 Rxc1+ 26. Nxc1 Qb4 27.
b3 Qc3 28. Bc2 a5 29. Qd3 Qe1+ 30. Qf1 Qxe3+ 31. Qf2 0-1

[Event "60. BEM 2006"]
[Site "Dortmund"]
[Date "2006.03.13"]
[Round "4.21"]
[White "Baier, Jörg"]
[Black "Klein, Hans-Joachim"]
[Result "0-1"]
[WhiteElo "1388"]
[BlackElo "1781"]
[PlyCount "28"]
[EventDate "2006.??.??"]
[Source "SG Dortmund"]
[SourceDate "2004.12.16"]

1. e4 e5 2. Nf3 Nc6 3. Bb5 Bc5 4. O-O d6 5. c3 Bd7 6. d4 exd4 7. cxd4 Bb6 8.
Bg5 f6 9. Be3 Nge7 10. Bc4 Na5 11. Nbd2 Bg4 12. Qa4+ c6 13. d5 Nxc4 14. Bxb6
Nxb6 0-1

[Event "60. BEM 2006"]
[Site "Dortmund"]
[Date "2006.03.13"]
[Round "4.23"]
[White "Noori, Mir Ahmad"]
[Black "Pachura, Karl-Heinz"]
[Result "1-0"]
[WhiteElo "1639"]
[BlackElo "1309"]
[PlyCount "69"]
[EventDate "2006.??.??"]
[Source "SG Dortmund"]
[SourceDate "2004.12.16"]

1. d4 d5 2. Nf3 e6 3. a3 Nd7 4. b3 Ngf6 5. Bb2 Bd6 6. g3 O-O 7. Bg2 Re8 8. O-O
Nf8 9. Nbd2 N6d7 10. c4 Be7 11. e4 c6 12. Qc2 Nb6 13. Rfd1 Bd7 14. Bf1 Rc8 15.
c5 Na8 16. b4 b5 17. cxb6 Nxb6 18. Rac1 Bd6 19. Nb3 Qf6 20. Ne5 Bxe5 21. dxe5
Qg6 22. Bd3 Qg5 23. Nc5 Ng6 24. a4 Re7 25. a5 Na8 26. Be2 Be8 27. Bd4 h5 28. f4
Qh6 29. Kf2 Nf8 30. h3 g6 31. Rh1 Nc7 32. g4 h4 33. Rhg1 a6 34. f5 Nb5 35. g5
1-0

[Event "60. BEM 2006"]
[Site "Dortmund"]
[Date "2006.03.13"]
[Round "4.24"]
[White "Sroka, Andreas"]
[Black "Orlowski, Wilfried"]
[Result "1/2-1/2"]
[WhiteElo "1342"]
[BlackElo "1590"]
[PlyCount "58"]
[EventDate "2006.??.??"]
[Source "SG Dortmund"]
[SourceDate "2004.12.16"]

1. Nf3 d5 2. c4 e6 3. g3 c5 4. Bg2 Nf6 5. O-O Nc6 6. cxd5 exd5 7. d4 b6 8. dxc5
Bxc5 9. a3 O-O 10. b4 Be7 11. Bb2 Ne4 12. Nbd2 Bf6 13. Bxf6 Nxf6 14. Nb3 Be6
15. Nbd4 Nxd4 16. Nxd4 Qd7 17. Re1 Bh3 18. Bh1 Rfe8 19. Qb3 Ne4 20. Rac1 Rac8
21. e3 Rxc1 22. Rxc1 Rc8 23. Rxc8+ Qxc8 24. Ne2 Qf5 25. Nf4 Nd2 26. Qd1 Bg4 27.
Qxd2 Qb1+ 28. Kg2 Qe4+ 29. Kg1 Qb1+ 1/2-1/2

[Event "60. BEM 2006"]
[Site "Dortmund"]
[Date "2006.03.13"]
[Round "4.25"]
[White "Rzoczek, Christoph"]
[Black "Clausen, Dirk"]
[Result "0-1"]
[WhiteElo "1577"]
[BlackElo "1287"]
[PlyCount "78"]
[EventDate "2006.??.??"]
[Source "SG Dortmund"]
[SourceDate "2004.12.16"]

1. e4 e5 2. Nf3 Nc6 3. d4 exd4 4. Nxd4 Bc5 5. Be3 Qf6 6. c3 b6 7. Nd2 Nxd4 8.
cxd4 Bxd4 9. Bxd4 Qxd4 10. Qc2 c6 11. Rd1 Nf6 12. Be2 O-O 13. O-O Re8 14. Bd3
Bb7 15. Nf3 Qc5 16. Qd2 Rad8 17. Qf4 b5 18. Rfe1 Qb4 19. Qh4 c5 20. a3 Qb3 21.
e5 Bxf3 22. exf6 Rxe1+ 23. Rxe1 Qxd3 24. fxg7 Rb8 25. Qg3 Ra8 26. gxf3 Qd2 27.
Re4 Qxb2 28. Qd6 c4 29. Rf4 Qb1+ 30. Kg2 Qg6+ 31. Qxg6 hxg6 32. a4 a6 33. Kf1
Re8 34. Rd4 Kxg7 35. Rxd7 c3 36. axb5 axb5 37. Rb7 Re5 38. Rc7 b4 39. Rc4 Rd5
0-1

[Event "60. BEM 2006"]
[Site "Dortmund"]
[Date "2006.03.13"]
[Round "4.26"]
[White "Gennat, Egon L"]
[Black "Zabel, Reinhard"]
[Result "1-0"]
[WhiteElo "1380"]
[BlackElo "1466"]
[PlyCount "98"]
[EventDate "2006.??.??"]
[Source "SG Dortmund"]
[SourceDate "2004.12.16"]

1. e4 e5 2. Nf3 Nf6 3. Nxe5 d6 4. Nf3 Nxe4 5. d4 d5 6. Be2 Be7 7. O-O Bg4 8.
Nbd2 Nxd2 9. Bxd2 Nd7 10. h3 Bh5 11. Re1 O-O 12. Ne5 Bg6 13. Bg4 Nxe5 14. dxe5
f6 15. Bf4 fxe5 16. Bxe5 Bc5 17. Re2 Bf5 18. Bxc7 Qd7 19. Bg3 Bxg4 20. hxg4 Qf7
21. Qd2 Rad8 22. Kf1 Bd6 23. Be5 Rfe8 24. Rae1 Bxe5 25. Rxe5 Rxe5 26. Rxe5 Qd7
27. Qg5 Kf8 28. Qf5+ Qxf5 29. gxf5 Kf7 30. Re6 h5 31. f3 d4 32. g4 d3 33. cxd3
Rxd3 34. Ke2 Rd8 35. g5 Rd5 36. g6+ Kf8 37. f6 gxf6 38. Rxf6+ Kg7 39. Re6 h4
40. Re4 Rh5 41. Kf2 Kxg6 42. Kg2 Rh7 43. Kh3 Kf5 44. Rg4 b5 45. f4 Rh5 46. b4
a6 47. a3 Kf6 48. Rxh4 Rd5 49. Rh6+ Kf5 1-0

[Event "60. BEM 2006"]
[Site "Dortmund"]
[Date "2006.03.13"]
[Round "4.27"]
[White "Wengelnik, Erwin"]
[Black "Skoecz, Horst"]
[Result "0-1"]
[WhiteElo "1238"]
[BlackElo "1456"]
[PlyCount "100"]
[EventDate "2006.??.??"]
[Source "SG Dortmund"]
[SourceDate "2004.12.16"]

1. d4 e6 2. Nf3 h6 3. c3 Nf6 4. Bf4 d6 5. h3 Bd7 6. Qc2 Bc6 7. Nbd2 a6 8. e3
Be7 9. Bh2 Nbd7 10. Bd3 Nb6 11. O-O Nbd5 12. e4 Nb6 13. Rfe1 g5 14. e5 Nh5 15.
Be4 Qd7 16. exd6 cxd6 17. Qb3 Nd5 18. c4 Ndf4 19. d5 Ba4 20. Qc3 Bf6 21. Qc1 b5
22. b3 Bxa1 23. Qxa1 Rg8 24. bxa4 e5 25. Qb2 Nxh3+ 26. Kf1 N3f4 27. cxb5 Rb8
28. Qc2 axb5 29. Qc6 bxa4 30. Qxd7+ Kxd7 31. Rb1 Ng7 32. Bxf4 Rxb1+ 33. Bxb1
exf4 34. Ne4 Rb8 35. Nc3 Rb2 36. Nd4 h5 37. Nde2 h4 38. Kg1 Kc7 39. Kh2 f5 40.
Kh3 Kd7 41. f3 Ke7 42. Nd4 Kf6 43. Ndb5 g4+ 44. Kh2 gxf3 45. Kg1 Rxg2+ 46. Kf1
Ke5 47. Nd1 h3 48. Nf2 h2 49. Nd3+ Kf6 50. Nxf4 h1=Q# 0-1

[Event "60. BEM 2006"]
[Site "Dortmund"]
[Date "2006.03.13"]
[Round "4.28"]
[White "Schröder, Marcel"]
[Black "Marienfeld, Udo"]
[Result "1-0"]
[WhiteElo "1452"]
[BlackElo "1220"]
[PlyCount "69"]
[EventDate "2006.??.??"]
[Source "SG Dortmund"]
[SourceDate "2004.12.16"]

1. e4 e5 2. Nf3 Nc6 3. d4 exd4 4. Nxd4 Bc5 5. Be3 Qf6 6. c3 d6 7. Bc4 Nge7 8.
O-O Qg6 9. Nd2 Ne5 10. Qc2 Bh3 11. g3 Bxf1 12. Rxf1 Nxc4 13. Qa4+ c6 14. Qxc4
O-O 15. f4 Bxd4 16. cxd4 d5 17. Qb4 dxe4 18. Qxe7 f5 19. Qxb7 Rfb8 20. Qa6 Rxb2
21. Rc1 Rb6 22. Qc4+ Qf7 23. d5 Rb5 24. dxc6 Qxc4 25. Rxc4 Rb2 26. a3 Rc8 27.
g4 g6 28. g5 Kf7 29. Kf2 Ke6 30. Ke1 a6 31. Bd4 Rb5 32. Ke2 Kd5 33. c7 Rb3 34.
Rc5+ Kxd4 35. Nxb3# 1-0

[Event "60. BEM 2006"]
[Site "Dortmund"]
[Date "2006.03.13"]
[Round "4.30"]
[White "Schaefer, Ulrich"]
[Black "Fahle, Karl-Wilhelm"]
[Result "0-1"]
[WhiteElo "1412"]
[BlackElo "1185"]
[PlyCount "74"]
[EventDate "2006.??.??"]
[Source "SG Dortmund"]
[SourceDate "2004.12.16"]

1. e4 c5 2. Nf3 e6 3. d4 cxd4 4. Nxd4 Nc6 5. Nc3 Nf6 6. Bg5 Be7 7. Qd2 a6 8.
Bd3 Nxd4 9. e5 Ng4 10. Bxe7 Qxe7 11. Qf4 Qb4 12. O-O Nxc2 13. Qxb4 Nxb4 14. Be4
Nxe5 15. f4 Nc4 16. Rf2 d5 17. Bf3 Nd3 18. Rc2 Nxf4 19. Re1 O-O 20. b3 Nd6 21.
Na4 b5 22. Nc5 Nb7 23. g3 Nxc5 24. gxf4 Nd3 25. Re3 Nxf4 26. Rec3 Nh3+ 27. Kg2
Ng5 28. Be2 Rd8 29. Rc7 Ne4 30. Re7 b4 31. Rcc7 Nd6 32. Kf3 g5 33. Ke3 Nf5+ 34.
Kd3 Nxe7 35. Rxe7 Rd7 36. Re8+ Kg7 37. Kd4 Bb7 0-1